| 000 | 00498nam a22001817a 4500 | ||
|---|---|---|---|
| 005 | 20221213142543.0 | ||
| 008 | 221213b ||||| |||| 00| 0 eng d | ||
| 040 | _cAL | ||
| 041 | _aHindi | ||
| 082 |
_223 _a823.08 _bMUNM |
||
| 100 |
_aMunicipal Secretary _965727 |
||
| 245 | _aMayors Rulings Part I | ||
| 260 |
_aBombay _bMuncipal Printing Press _c1966 |
||
| 300 |
_a615 p. _bHB _c25x16 cm. |
||
| 440 |
_aFrom 193-32 to 1948-49 _965728 |
||
| 700 |
_aMUNCIPAL SECRETARY _965729 |
||
| 942 |
_2ddc _cGF |
||
| 999 |
_c225652 _d225652 |
||